[Event "LIV Festival A"]
[Site "Imperia ITA"]
[Date "2012.09.06"]
[Round "6"]
[White "Jirovsky, Milos"]
[Black "Sulava, Nenad"]
[WhiteElo "2451"]
[BlackElo "2496"]
[Result "1-0"]
[PlyCount "75"]
[EventDate "2012.09.02"]

1. Nf3 c5 2. c3 Nf6 3. d4 e6 4. e3 b6 5. Nbd2 Bb7 6. Bd3 Nc6 7. O-O Qc7 8. Qe2
Be7 9. dxc5 bxc5 10. e4 d5 11. Re1 O-O 12. e5 Nd7 13. Nf1 Rae8 14. Bf4 Bd8 15.
Qd2 Qb8 16. Re2 c4 17. Bxc4 dxc4 18. Qxd7 Bb6 19. Qd2 Ne7 20. Nd4 Rd8 21. Bg5
Rd7 22. Bxe7 Rxe7 23. Rd1 Rd7 24. Qg5 Rfd8 25. Red2 h6 26. Qg3 Rd5 27. Ne3 Rxe5
28. Nxe6 fxe6 29. Rxd8+ Bxd8 30. Rxd8+ Qxd8 31. Qxe5 Kh7 32. Qd4 Qg5 33. Qxc4
Qg6 34. Qf1 e5 35. Qd1 h5 36. h3 Be4 37. a4 Qe8 38. b4 1-0

[Event "LIV Festival A"]
[Site "Imperia ITA"]
[Date "2012.09.06"]
[Round "6"]
[White "Kljako, Damir"]
[Black "Dolezal, Radoslav jr"]
[WhiteElo "2208"]
[BlackElo "2367"]
[Result "1/2-1/2"]
[PlyCount "63"]
[EventDate "2012.09.02"]

1. d4 Nf6 2. c4 e6 3. Nf3 d5 4. Nc3 c6 5. e3 Nbd7 6. Bd3 Be7 7. O-O O-O 8. Qc2
b6 9. e4 dxe4 10. Nxe4 Bb7 11. Nxf6+ Nxf6 12. Rd1 Qc7 13. Bg5 h6 14. Bh4 Rad8
15. Qe2 c5 16. Bg3 Bd6 17. dxc5 Bxg3 18. hxg3 bxc5 19. Bc2 Qb6 20. Rxd8 Rxd8
21. Rd1 Bxf3 22. Rxd8+ Qxd8 23. Qxf3 g6 24. Qc3 a5 25. a3 h5 26. Kf1 Kg7 27.
Ke2 Qc7 28. Be4 Qd6 29. Bf3 e5 30. Ke1 e4 31. Bxe4 Qe6 32. f3 1/2-1/2

[Event "LIV Festival A"]
[Site "Imperia ITA"]
[Date "2012.09.06"]
[Round "6"]
[White "Panchanathan, Magesh Chandran"]
[Black "Stoppa, Omar"]
[WhiteElo "2568"]
[BlackElo "2279"]
[Result "1-0"]
[PlyCount "84"]
[EventDate "2012.09.02"]

1. d4 Nf6 2. Nf3 c5 3. g3 cxd4 4. Nxd4 g6 5. Bg2 Bg7 6. O-O O-O 7. c4 Nc6 8.
Nc3 Ng4 9. e3 d6 10. b3 Nge5 11. h3 Bd7 12. Nde2 Qc8 13. f4 Bxh3 14. fxe5 Bxg2
15. Kxg2 Nxe5 16. Nd4 a6 17. Nd5 Qd8 18. a4 e6 19. Nc3 h5 20. Ra2 d5 21. cxd5
Rc8 22. Nde2 Ng4 23. dxe6 Qe7 24. Qd7 Qb4 25. Rxf7 Bxc3 26. Nxc3 Qxc3 27. Rxf8+
Rxf8 28. e7 Qxc1 29. Qd5+ Kg7 30. Qd4+ Kg8 31. exf8=Q+ Kxf8 32. Rd2 Qc6+ 33.
Kg1 Qc1+ 34. Rd1 Qxe3+ 35. Qxe3 Nxe3 36. Rd7 b5 37. Rd6 bxa4 38. bxa4 g5 39.
Rxa6 Ke7 40. Rc6 Kd7 41. Rc5 h4 42. a5 Kd6 1-0

[Event "LIV Festival A"]
[Site "Imperia ITA"]
[Date "2012.09.06"]
[Round "6"]
[White "Sanchez, Joseph"]
[Black "Del Dotto, Riccardo"]
[WhiteElo "2534"]
[BlackElo "2203"]
[Result "1-0"]
[PlyCount "91"]
[EventDate "2012.09.02"]

1. e4 e5 2. Nf3 Nf6 3. Nxe5 d6 4. Nf3 Nxe4 5. d4 d5 6. Bd3 Bd6 7. O-O O-O 8. c4
c6 9. Qc2 Na6 10. a3 Bg4 11. Ne5 Bxe5 12. dxe5 Nac5 13. f3 Nxd3 14. Qxd3 Nc5
15. Qd4 Nb3 16. Qxg4 Nxa1 17. Bh6 g6 18. Nc3 Nc2 19. Rf2 Qb6 20. Qf4 Nd4 21.
Qf6 Nf5 22. Bxf8 Rxf8 23. cxd5 Qe3 24. g4 Qc1+ 25. Rf1 Qe3+ 26. Kh1 Qd3 27. Rf2
Qd4 28. Kg1 Ne3 29. dxc6 bxc6 30. h4 Re8 31. Ne4 Nd5 32. Qxc6 Rxe5 33. Qc5 Qd1+
34. Kh2 Kg7 35. Nc3 Qe1 36. Qd4 Kg8 37. Ne4 Re7 38. h5 Rd7 39. Qe5 Re7 40. Qd4
Rd7 41. h6 f6 42. Qc4 Kf7 43. Rd2 Ke6 44. Re2 Qh4+ 45. Kg2 Kf7 46. Rd2 1-0

[Event "LIV Festival A"]
[Site "Imperia ITA"]
[Date "2012.09.06"]
[Round "6"]
[White "Svoboda, Svatopluk"]
[Black "Cavatorta, Fosco"]
[WhiteElo "2344"]
[BlackElo "1915"]
[Result "1-0"]
[PlyCount "101"]
[EventDate "2012.09.02"]

1. e4 d6 2. d4 Nf6 3. Nc3 e5 4. Nf3 Nbd7 5. Bc4 Be7 6. O-O h6 7. Qe2 c6 8. a4
Qc7 9. a5 Nf8 10. Rd1 g5 11. Bb3 Bg4 12. Qc4 Ne6 13. d5 cxd5 14. Qxc7 Nxc7 15.
Nxd5 Ncxd5 16. Bxd5 Nxd5 17. Rxd5 Bd7 18. Nd2 Bc6 19. Rd3 g4 20. b3 O-O-O 21.
Ba3 Rhg8 22. Re1 Rd7 23. Nf1 Rgd8 24. c4 Kc7 25. Ng3 b5 26. Nf5 Bf8 27. f3 bxc4
28. bxc4 gxf3 29. gxf3 Ba4 30. Re2 Rb8 31. Red2 Rbd8 32. Kf2 Kc6 33. h4 Kb7 34.
Ra2 Bc6 35. Bc1 f6 36. Ba3 Kc7 37. Ra1 Bb7 38. Rg1 Ba6 39. Rg6 Rf7 40. Ke3 d5
41. exd5 Bxc4 42. Rc3 Bxa3 43. Rxc4+ Kb7 44. Ke4 Bf8 45. Rc6 Rfd7 46. a6+ Kb8
47. Rgxf6 Ba3 48. d6 Bb2 49. h5 Rh7 50. Rxh6 Rxh6 51. Nxh6 1-0

[Event "LIV Festival A"]
[Site "Imperia ITA"]
[Date "2012.09.07"]
[Round "7"]
[White "Di Paolo, Raffaele"]
[Black "Panchanathan, Magesh Chandran"]
[WhiteElo "2243"]
[BlackElo "2568"]
[Result "0-1"]
[PlyCount "92"]
[EventDate "2012.09.02"]

1. e4 e5 2. Nf3 Nc6 3. Bb5 a6 4. Ba4 Nf6 5. O-O Be7 6. Re1 b5 7. Bb3 d6 8. c3
O-O 9. h3 Nb8 10. d3 Nbd7 11. Nbd2 Bb7 12. Nf1 Nc5 13. Bc2 Re8 14. Ng3 Bf8 15.
b4 Ne6 16. a4 c5 17. d4 cxd4 18. cxd4 d5 19. exd5 Nxd5 20. Nxe5 g6 21. axb5 Nc3
22. Qd3 Nxb5 23. Ng4 Bg7 24. Bh6 Qxd4 25. Bxg7 Kxg7 26. Nh5+ Kh8 27. Nhf6 Qxd3
28. Bxd3 Red8 29. Bc4 Nbd4 30. Ne3 Kg7 31. Nfd5 Rd6 32. Nc3 Rb6 33. Ncd5 Rc6
34. Bd3 Rd8 35. Bf1 f5 36. b5 axb5 37. Ra7 Rd7 38. Nb4 Rcc7 39. Ra5 Rd6 40.
Bxb5 Rc5 41. Nc4 Rd8 42. Re5 Rc7 43. Ne3 f4 44. Nec2 Nxc2 45. Nxc2 Rxc2 46.
Rxe6 Rd1+ 0-1

[Event "LIV Festival A"]
[Site "Imperia ITA"]
[Date "2012.09.07"]
[Round "7"]
[White "Luciani, Valerio"]
[Black "Krouzel, Jaroslav"]
[WhiteElo "2197"]
[BlackElo "2172"]
[Result "1-0"]
[PlyCount "47"]
[EventDate "2012.09.02"]

1. d4 f5 2. e4 fxe4 3. Nc3 Nf6 4. Bg5 e6 5. Nxe4 Be7 6. Bxf6 Bxf6 7. Nf3 O-O 8.
Bd3 b6 9. Qe2 Bb7 10. h4 Nc6 11. c3 e5 12. d5 Ne7 13. c4 Ng6 14. g3 Qe7 15.
O-O-O b5 16. Nfg5 bxc4 17. Qh5 h6 18. Qxg6 hxg5 19. hxg5 cxd3 20. Qh7+ Kf7 21.
gxf6 Qb4 22. fxg7 Rg8 23. Qh5+ Ke7 24. d6+ 1-0

[Event "LIV Festival A"]
[Site "Imperia ITA"]
[Date "2012.09.07"]
[Round "7"]
[White "Schiappoli, Dario"]
[Black "Platino, Maurizio"]
[WhiteElo "1960"]
[BlackElo "1904"]
[Result "0-1"]
[PlyCount "66"]
[EventDate "2012.09.02"]

1. e4 e6 2. Nf3 d5 3. e5 c5 4. b4 cxb4 5. d4 Nc6 6. Bd3 Nh6 7. O-O Be7 8. Be3
Nf5 9. Nbd2 h6 10. g4 Nh4 11. Nxh4 Bxh4 12. f4 Be7 13. Qf3 f5 14. gxf5 exf5 15.
Qh5+ Kd7 16. Bxf5+ Kc7 17. Bxc8 Rxc8 18. Rac1 Kb8 19. Nb3 Na5 20. Qe2 Nc4 21.
Bf2 Rf8 22. Be1 Rf5 23. Nc5 a5 24. c3 b6 25. Nd3 bxc3 26. Rxc3 Qf8 27. Bg3 g5
28. Rb1 Ka7 29. fxg5 Bxg5 30. Rxc4 Rxc4 31. Qb2 Be3+ 32. Bf2 Bxf2+ 33. Nxf2 Rb4
0-1

[Event "LIV Festival A"]
[Site "Imperia ITA"]
[Date "2012.09.07"]
[Round "7"]
[White "Stoppa, Omar"]
[Black "Formento, Paolo"]
[WhiteElo "2279"]
[BlackElo "2147"]
[Result "1-0"]
[PlyCount "67"]
[EventDate "2012.09.02"]

1. e4 e6 2. c4 d5 3. Nc3 d4 4. Nce2 e5 5. d3 Bb4+ 6. Bd2 a5 7. g3 c5 8. Bg2 Nc6
9. h3 f5 10. exf5 Bxf5 11. a3 Bxd2+ 12. Qxd2 Nf6 13. g4 Bg6 14. Ng3 O-O 15.
N1e2 Qe8 16. f3 a4 17. O-O Na5 18. Rae1 Nb3 19. Qc2 b5 20. f4 bxc4 21. Qxc4+
Bf7 22. Qc2 Nd5 23. Nf5 Ne3 24. Nxe3 dxe3 25. fxe5 Ra7 26. Qc3 Re7 27. Ng3 Nd2
28. Nf5 Rxe5 29. Rxe3 Nxf1 30. Rxe5 Qd8 31. Re8 Qg5 32. Rxf8+ Kxf8 33. Qxc5+
Kg8 34. Qc8+ 1-0

[Event "LIV Festival A"]
[Site "Imperia ITA"]
[Date "2012.09.07"]
[Round "7"]
[White "Sulava, Nenad"]
[Black "Faraci, Antonino"]
[WhiteElo "2496"]
[BlackElo "1997"]
[Result "1-0"]
[PlyCount "73"]
[EventDate "2012.09.02"]

1. e4 c6 2. c4 d6 3. d4 g6 4. Nc3 Bg7 5. Be3 Nd7 6. Nf3 Qc7 7. Rc1 e5 8. c5
dxc5 9. dxc5 Ngf6 10. Bc4 O-O 11. O-O Ng4 12. Qe2 h6 13. b4 Nxe3 14. Qxe3 Kh7
15. Rfd1 Nf6 16. Rd6 Ne8 17. Rd2 Qe7 18. Rcd1 Nc7 19. Bb3 Ne6 20. Ne2 h5 21.
Rd6 f6 22. Nh4 Bh6 23. Qg3 Ng5 24. f4 exf4 25. Nxf4 Qxe4 26. Nhxg6 Bg4 27. R6d4
Qf5 28. Nxf8+ Rxf8 29. Rf1 Qe5 30. Bc2+ Kg7 31. Qd3 f5 32. h3 Nf3+ 33. gxf3
Bxf4 34. Rd7+ Kh8 35. fxg4 Be3+ 36. Kg2 hxg4 37. hxg4 1-0

[Event "LIV Festival A"]
[Site "Imperia ITA"]
[Date "2012.09.07"]
[Round "7"]
[White "Zach, Andreas"]
[Black "Mariano, Elia"]
[WhiteElo "2352"]
[BlackElo "2159"]
[Result "1-0"]
[PlyCount "53"]
[EventDate "2012.09.02"]

1. d4 c5 2. c3 e6 3. Nf3 Nf6 4. Bf4 d5 5. e3 Nc6 6. Nbd2 Be7 7. Bd3 O-O 8. g4
cxd4 9. exd4 Re8 10. Ne5 Nxe5 11. dxe5 Nd7 12. Qc2 Nf8 13. h4 Bd7 14. Nf3 Rc8
15. h5 b5 16. g5 g6 17. Qd2 a5 18. hxg6 Nxg6 19. Nh2 d4 20. Ng4 dxc3 21. bxc3
Rxc3 22. Bxg6 hxg6 23. Qxc3 Bb4 24. Qxb4 axb4 25. Nf6+ Kf8 26. Bd2 Qc7 27.
Bxb4+ 1-0

[Event "LIV Festival A"]
[Site "Imperia ITA"]
[Date "2012.09.08"]
[Round "8"]
[White "Anuprita, Patil"]
[Black "Pepino, Enrico"]
[WhiteElo "2128"]
[BlackElo "2169"]
[Result "1/2-1/2"]
[PlyCount "45"]
[EventDate "2012.09.02"]

1. d4 Nf6 2. c4 g6 3. g3 Bg7 4. Bg2 O-O 5. Nf3 d6 6. Nc3 Nbd7 7. O-O e5 8. e4
exd4 9. Nxd4 Re8 10. Re1 Nc5 11. h3 a5 12. b3 c6 13. Bb2 h5 14. Qd2 a4 15. Rad1
axb3 16. Nxb3 Be6 17. Qxd6 Qxd6 18. Rxd6 Na4 19. Nxa4 Rxa4 20. Nc5 Rxa2 21.
Bxf6 Bxf6 22. Nxe6 Rxe6 23. Rxe6 1/2-1/2

[Event "LIV Festival A"]
[Site "Imperia ITA"]
[Date "2012.09.08"]
[Round "8"]
[White "Barletta, Mauro"]
[Black "Luciani, Valerio"]
[WhiteElo "2239"]
[BlackElo "2197"]
[Result "0-1"]
[PlyCount "64"]
[EventDate "2012.09.02"]

1. Nf3 Nf6 2. c4 c6 3. Nc3 d5 4. cxd5 cxd5 5. d4 Nc6 6. Bf4 a6 7. Rc1 e6 8. e3
Be7 9. Bd3 O-O 10. h3 Bd7 11. O-O b5 12. a4 b4 13. Nb1 Qb6 14. Nbd2 Rfc8 15.
Bg5 Kf8 16. Qe2 b3 17. Rc3 Na5 18. Rfc1 Rxc3 19. Rxc3 Bxa4 20. Ne5 Bb4 21. Rc1
Bxd2 22. Qxd2 Nd7 23. Nxd7+ Bxd7 24. Bxh7 Nc4 25. Qe2 f6 26. Qf3 Ke7 27. Bf4
Rc8 28. Qg4 g5 29. Bg3 Nxe3 30. fxe3 Rxc1+ 31. Kh2 Qb5 32. h4 Qf1 0-1

[Event "LIV Festival A"]
[Site "Imperia ITA"]
[Date "2012.09.08"]
[Round "8"]
[White "Del Dotto, Riccardo"]
[Black "Sulava, Nenad"]
[WhiteElo "2203"]
[BlackElo "2496"]
[Result "0-1"]
[PlyCount "46"]
[EventDate "2012.09.02"]

1. d4 g6 2. e4 Bg7 3. Nc3 d6 4. Nge2 a6 5. a4 b6 6. g3 c5 7. d5 Nd7 8. Bg2 Rb8
9. O-O b5 10. axb5 axb5 11. f4 Ngf6 12. h3 O-O 13. Be3 b4 14. Nb1 Nb6 15. Nd2
e6 16. dxe6 Bxe6 17. b3 Re8 18. g4 Bd7 19. Ng3 Nfd5 20. Re1 Nxe3 21. Rxe3 Bd4
22. Ndf1 Qf6 23. g5 Qxf4 0-1

[Event "LIV Festival A"]
[Site "Imperia ITA"]
[Date "2012.09.08"]
[Round "8"]
[White "Krouzel, Jaroslav"]
[Black "Cugini, Verter"]
[WhiteElo "2172"]
[BlackElo "2072"]
[Result "1-0"]
[PlyCount "65"]
[EventDate "2012.09.02"]

1. d4 d6 2. f4 Nf6 3. c4 g6 4. Nc3 Bg7 5. e4 O-O 6. Nf3 Bg4 7. Be2 Nbd7 8. O-O
c6 9. e5 Ne8 10. Ng5 Bxe2 11. Qxe2 e6 12. Be3 Bh6 13. Nce4 d5 14. cxd5 cxd5 15.
Nf2 Bxg5 16. fxg5 Ng7 17. Ng4 Nf5 18. Nf6+ Kg7 19. Rf3 Rh8 20. Raf1 Nxf6 21.
gxf6+ Kf8 22. Rh3 h5 23. g4 Nxe3 24. Qxe3 Qb6 25. gxh5 g5 26. Rf2 Qb4 27. h6
Ke8 28. h7 Kd7 29. Qc3 Qxc3 30. bxc3 Kc6 31. Rg2 Raf8 32. Rxg5 Kb5 33. Rg7 1-0

[Event "LIV Festival A"]
[Site "Imperia ITA"]
[Date "2012.09.08"]
[Round "8"]
[White "Mariano, Elia"]
[Black "Vokoun, Jan"]
[WhiteElo "2159"]
[BlackElo "2201"]
[Result "0-1"]
[PlyCount "52"]
[EventDate "2012.09.02"]

1. d4 Nc6 2. Nf3 d5 3. g3 Bf5 4. Bg2 Qd7 5. c3 f6 6. Nbd2 e5 7. dxe5 fxe5 8. e4
dxe4 9. Ng5 e3 10. fxe3 Nf6 11. Qa4 h6 12. Qb5 O-O-O 13. e4 Bg4 14. Ngf3 a6 15.
Qe2 g5 16. Nc4 Qh7 17. h3 Bh5 18. g4 Bg6 19. Nfxe5 Nxe5 20. Nxe5 Bxe4 21. O-O
Bc5+ 22. Kh1 Rhe8 23. Rxf6 Rxe5 24. Bxe4 Rxe4 25. Qf1 Qe7 26. Qf5+ Kb8 0-1

[Event "LIV Festival A"]
[Site "Imperia ITA"]
[Date "2012.09.08"]
[Round "8"]
[White "Panchanathan, Magesh Chandran"]
[Black "Jirovsky, Milos"]
[WhiteElo "2568"]
[BlackElo "2451"]
[Result "1/2-1/2"]
[PlyCount "24"]
[EventDate "2012.09.02"]

1. c4 e6 2. Nf3 d5 3. g3 Nf6 4. d4 dxc4 5. Qa4+ c6 6. Qxc4 b5 7. Qc2 Bb7 8. Bg2
Nbd7 9. O-O c5 10. dxc5 Bxc5 11. a4 bxa4 12. Qxa4 O-O 1/2-1/2

[Event "LIV Festival A"]
[Site "Imperia ITA"]
[Date "2012.09.08"]
[Round "8"]
[White "Sanchez, Joseph"]
[Black "Angelini, Marco"]
[WhiteElo "2534"]
[BlackElo "2223"]
[Result "1-0"]
[PlyCount "83"]
[EventDate "2012.09.02"]

1. e4 c5 2. Nf3 d6 3. d4 cxd4 4. Nxd4 Nf6 5. Nc3 a6 6. Be3 e6 7. Qd2 Nbd7 8. f3
b5 9. g4 Nb6 10. O-O-O Bb7 11. Qf2 Nfd7 12. Bd3 Rc8 13. Nce2 Qc7 14. Kb1 Be7
15. g5 O-O 16. h4 d5 17. g6 hxg6 18. h5 g5 19. Rhg1 dxe4 20. fxe4 Nc5 21. Bxg5
Bxg5 22. Rxg5 f6 23. Rg4 Rf7 24. Nf4 Re8 25. Ng6 Nc4 26. h6 gxh6 27. Ne5+ Rg7
28. Rxg7+ Qxg7 29. Nxc4 bxc4 30. Rg1 cxd3 31. Rxg7+ Kxg7 32. Qg3+ Kf7 33. Qc7+
Kg8 34. cxd3 Rc8 35. Qe7 Nxd3 36. Qxe6+ Kh7 37. Qf7+ Kh8 38. Qxf6+ Kh7 39. a3
Nc5 40. e5 Be4+ 41. Ka2 Bd5+ 42. b3 1-0

[Event "LIV Festival A"]
[Site "Imperia ITA"]
[Date "2012.09.08"]
[Round "8"]
[White "Zach, Andreas"]
[Black "Di Paolo, Raffaele"]
[WhiteElo "2352"]
[BlackElo "2243"]
[Result "0-1"]
[PlyCount "62"]
[EventDate "2012.09.02"]

1. d4 d6 2. Bf4 Nd7 3. Nf3 g6 4. e3 Bg7 5. h3 e5 6. Bh2 Ne7 7. c4 O-O 8. Nc3 b6
9. Be2 Bb7 10. O-O Nf5 11. dxe5 dxe5 12. Qc2 Nh4 13. Nxh4 Qxh4 14. Bg3 Qg5 15.
Ne4 Qe7 16. Bf3 Rab8 17. Nd2 c6 18. Rfd1 f5 19. Nb3 g5 20. c5 f4 21. Bh2 Rbe8
22. cxb6 axb6 23. Na5 e4 24. Nxc6 Bxc6 25. Qxc6 exf3 26. Rxd7 Qe5 27. gxf3 Qxb2
28. Qd5+ Kh8 29. Re1 Qc3 30. Qd2 Qxd2 31. Rxd2 Bc3 0-1